Statistics for Every Host City of a Tier 1 CS:GO Tournament

Click here to take the quiz!

General Stats

  • This quiz has been taken 14 times
  • The average score is 24 of 63

Answer Stats

# of HostsAnswer% Correct
4Paris
100%
2Rio de Janeiro
100%
15Cologne
92%
14London
92%
6Copenhagen
83%
9Katowice
83%
3Moscow
83%
4New York City
83%
7Stockholm
83%
1Berlin
75%
1Lisbon
75%
11Dallas
67%
1Kraków
67%
1Los Angeles
67%
3Sydney
67%
5Atlanta
58%
12Kyiv
58%
1Marseille
58%
2Shanghai
58%
1Beijing
50%
9Jönköping
50%
1São Paulo
50%
1Antwerp
42%
1Belgrade
42%
1Belo Horizonte
42%
1Boston
42%
3Columbus
42%
3Malmö
42%
1Valencia
42%
2Chicago
33%
1Cluj-Napoca
33%
1Dubai
33%
1Milan
33%
1Saint Petersburg
33%
1Abu Dhabi
25%
4Bucharest
25%
1Las Vegas
25%
1Mykonos
25%
1Naxxar
25%
2Saint Julian's
25%
1Vilnius
25%
1Washington D.C.
25%
1Leipzig
17%
1Montreal
17%
1Riyadh
17%
1San Jose
17%
1Belek
8%
1Birmingham
8%
1Cancun
8%
1Chongqing
8%
1Düsseldorf
8%
1Minsk
8%
3Odense
8%
1Riffa
8%
1Tours
8%
1Anaheim
0%
2Arlington
0%
1Aspen
0%
1Burbank
0%
1Changzhou
0%
1Haikou
0%
1Montpellier
0%
2Oakland
0%

Score Distribution

Percentile by Number Answered

Percent of People with Each Score

Your Score History

You have not taken this quiz